| 000 | 00487nam a22001337a 4500 | ||
|---|---|---|---|
| 005 | 20241023095757.0 | ||
| 008 | 241023b |||||||| |||| 00| 0 eng d | ||
| 100 |
_aSilverstre, Magnolia. _eauthor. _963383 |
||
| 245 |
_aThe eat beat : _bbrews and potions / _cMagnolia Silverstre. |
||
| 260 |
_aPhilippines; _bPhilippine Graphic Publishing Inc., _cFebruary 2020. |
||
| 300 |
_aVolume 20, pages 40-47, _billustration. |
||
| 700 |
_aSilverstre, Magnolia. _eauthor. _963384 |
||
| 942 |
_2ddc _cPER |
||
| 999 |
_c22850 _d22850 |
||